Human Resource Management. (Record no. 4456)

MARC details
005 - DATE AND TIME OF LATEST TRANSACTION
control field 20250620061500.0
020 ## - INTERNATIONAL STANDARD BOOK NUMBER
International Standard Book Number 81-8054-769-0
082 ## - DEWEY DECIMAL CLASSIFICATION NUMBER
Classification number 652 PRA
100 ## - MAIN ENTRY--PERSONAL NAME
Author name PRASAD. L. M.
245 ## - TITLE STATEMENT
Title Human Resource Management.
260 ## - PUBLICATION, DISTRIBUTION, ETC.
Place of publication, distribution, etc. New Delhi,
Name of publisher, distributor, etc. CCHAND. S,
Date of publication, distribution, etc. 2014.
300 ## - PHYSICAL DESCRIPTION
Extent xiv. 672.; figure $table
Other physical details Appendix $ Index
Dimensions 24cm
942 ## - ADDED ENTRY ELEMENTS (KOHA)
Source of classification or shelving scheme Dewey Decimal Classification
Koha item type Books
Holdings
Date last seen Total checkouts Full call number Barcode Cost, replacement price Price effective from Koha item type Lost status Source of classification or shelving scheme Damaged status Not for loan Withdrawn status Home library Current library Shelving location Date acquired Cost, normal purchase price
06/20/2025   658 PRA DOM0004071 105000.00 06/20/2025 Books   Dewey Decimal Classification       CBE Dodoma CBE MBEYA Special Reserve Collection 10/24/2017 35000.00